Building Java enterprise systems with J2EE (Record no. 6644)
[ view plain ]
| 000 -LEADER | |
|---|---|
| fixed length control field | 00550 a2200157 4500 |
| 020 ## - INTERNATIONAL STANDARD BOOK NUMBER | |
| International Standard Book Number | 0672317958 |
| 040 ## - CATALOGING SOURCE | |
| Original cataloging agency | DLC |
| 100 1# - MAIN ENTRY--PERSONAL NAME | |
| Personal name | Perrone, Paul J. |
| 245 10 - TITLE STATEMENT | |
| Title | Building Java enterprise systems with J2EE |
| Statement of responsibility, etc. | Paul J. Perrone, Venkata S.R. "Krishna" R. Chaganti. |
| 260 ## - PUBLICATION, DISTRIBUTION, ETC. | |
| Place of publication, distribution, etc. | Delhi. : |
| Name of publisher, distributor, etc. | Techmedia, |
| Date of publication, distribution, etc. | 2000. |
| 300 ## - PHYSICAL DESCRIPTION | |
| Extent | xxviii, 1496 p. : |
| Other physical details | ill. ; |
| Dimensions | 24 cm. + |
| Accompanying material | 1 computer optical disc (4 3/4 in.) |
| 650 #0 - SUBJECT ADDED ENTRY--TOPICAL TERM | |
| Topical term or geographic name entry element | Java (Computer program language) |
| 650 #0 - SUBJECT ADDED ENTRY--TOPICAL TERM | |
| Topical term or geographic name entry element | Business |
| General subdivision | Data processing. |
| 700 1# - ADDED ENTRY--PERSONAL NAME | |
| Personal name | Chaganti, Venkata S.R.R. |
| 942 ## - ADDED ENTRY ELEMENTS (KOHA) | |
| Koha item type | Book |
| Call number prefix | 005.133 PER |
| Source of classification or shelving scheme | |
| Withdrawn status | Lost status | Damaged status | Not for loan | Collection code | Permanent Location | Current Location | Shelving location | Date acquired | Source of acquisition | Cost, normal purchase price | Total Checkouts | Full call number | Barcode | Date last seen | Date last checked out | Price effective from | Koha item type |
|---|---|---|---|---|---|---|---|---|---|---|---|---|---|---|---|---|---|
| Central Library (CL) | Central Library (CL) | First Floor - Software Engineering/ Programming Language | 03/13/2002 | Vanguard Books | 969.00 | 1 | 005.133 PER | SEECS001885 | 05/15/2016 | 04/07/2014 | 01/05/2017 | Book |
